000 00845nam a2200253Ia 4500
003 OSt
005 20220923215707.0
006 a|||||r|||| 00| 0
007 ta
008 220922b |||||||| |||| 00| 0 hin d
024 _a180,907
037 _cTextual
040 _aARTS
_cARTS
_bhin
041 _2hin
_ahin
082 _aO152,1N091w, N1
100 _aसत्यार्थी देवेन्द्र
245 0 _aघूंघट में गोरी जले
246 _aGhūanghaṭ mean gorī jale
260 _aनई दिल्ली
_b पुस्तकायन
_c1991
300 _a160पृ.
_ccm.
650 _aहिन्दी साहित्य
_9156264
942 _hO152,1N091w, N1
_cTEXL
_2CC
999 _c334285
_d334285